Kirsten Dunst Movies - Sudden Death - Statistics

General Stats
  • This quiz has been taken 84 times
  • The average score is 7 of 14
Answers on the Grid
Answers color-coded by a green-red scale on the quiz's grid according to % correct below.
Mad Love
The Royal Tenenbaums
Melancholia
Battle of the Sexes
Marie Antoinette
Crazy/Beautiful
Bring It On
Margot at the Wedding
Jane Eyre
Savages
Interview with the Vampire
Friends with Benefits
Eternal Sunshine of the Spotless Mind
In the Bedroom
13 Going on 30
Hidden Figures
Urban Legend
Bachelorette
Miss Pettigrew Lives for a Day
The Virgin Suicides
10 Things I Hate About You
The Power of the Dog
The Other Woman
Drop Dead Gorgeous
Annihilation
Save the Last Dance
Civil War
Wedding Crashers
All Good Things
The Favourite
Gravity
Spider-Man 2
 
Answer Stats
Answer % Correct
Marie Antoinette
88%
Spider-Man 2
75%
Bring It On
73%
Melancholia
72%
The Virgin Suicides
64%
Interview with the Vampire
58%
Eternal Sunshine of the Spotless Mind
52%
Civil War
47%
The Power of the Dog
42%
Drop Dead Gorgeous
41%
Bachelorette
31%
Crazy/Beautiful
31%
Hidden Figures
28%
All Good Things
25%
No matching quizzes found
Score Distribution
Percent of People with Each Score
Percentile by Number Answered
Your Score History
You have not taken this quiz